| 000 | 00559 a2200217 4500 | ||
|---|---|---|---|
| 005 | 20260512163316.0 | ||
| 008 | 260512b |||||||| |||| 00| 0 eng d | ||
| 020 |
_a9789385539923 _cRs. 995.00 |
||
| 040 | _aMAIN | ||
| 082 |
_a294.5927 _bS58V |
||
| 100 | _aSemval, Jagdish Prasad | ||
| 245 | _aVedantakarika | ||
| 260 |
_bVidyanidhi Prakashan _c2021 _aDelhi |
||
| 300 | _a351 | ||
| 650 | _aVedanta Philosophy | ||
| 650 | _aReligions | ||
| 650 | _aHindu philosophy | ||
| 650 | _aKarika literature | ||
| 700 | _aDindoriya, Ved prakash | ||
| 942 | _cBK | ||
| 999 |
_c395885 _d395885 |
||